[Event "Titled Tuesday intern op 31st Jan Late"]
[Site "Chess.com INT"]
[Date "2023.01.31"]
[Round "2"]
[White "Buchenau, Frank"]
[Black "Li, Dennis"]
[Result "0-1"]
[WhiteElo "2218"]
[BlackElo "1939"]
[PlyCount "78"]
[EventDate "2023.01.31"]
[EventType "swiss (blitz)"]
[EventRounds "11"]
[EventCountry "USA"]
[SourceTitle "CBM 212 Extra"]
[Source "ChessBase"]
[SourceDate "2023.03.31"]
[SourceVersion "1"]
[SourceVersionDate "2023.03.31"]
[SourceQuality "1"]

1. e4 c5 2. Nf3 d6 3. Bb5+ Nd7 4. 0-0 a6 5. Bd3 Qc7 6. Re1 g6 7. c3 Bg7 8. Bf1 b5 9. a4 Rb8 10. axb5 axb5 11. Na3 b4 12. Nb5 Qc6 13. Na7 Qc7 14. d4 bxc3 15. bxc3 Ngf6 16. Nxc8 Rxc8 17. e5 Nd5 18. Bc4 Nxc3 19. Bxf7+ Kxf7 20. Qb3+ c4 21. Qxc3 dxe5 22. dxe5 Nf8 23. Ng5+ Kg8 24. Qf3 e6 25. Ba3 h6 26. Bd6 Qd7 27. Rab1 hxg5 28. Rb7 g4 29. Qf4 Qxb7 30. Qxg4 Qf7 31. Re3 c3 32. Rf3 c2 33. h4 c1Q+ 34. Kh2 Qh6 35. Rxf7 Qxh4+ 36. Qxh4 Rxh4+ 37. Kg3 Kxf7 38. Kxh4 Nd7 39. g4 Nxe5 0-1

[Event "Titled Tuesday intern op 31st Jan Late"]
[Site "Chess.com INT"]
[Date "2023.01.31"]
[Round "5"]
[White "Li, Dennis"]
[Black "Golubka, Petr"]
[Result "0-1"]
[WhiteElo "1939"]
[BlackElo "2374"]
[PlyCount "60"]
[EventDate "2023.01.31"]
[EventType "swiss (blitz)"]
[EventRounds "11"]
[EventCountry "USA"]
[SourceTitle "CBM 212 Extra"]
[Source "ChessBase"]
[SourceDate "2023.03.31"]
[SourceVersion "1"]
[SourceVersionDate "2023.03.31"]
[SourceQuality "1"]

1. e4 e6 2. d4 d5 3. Nd2 dxe4 4. Nxe4 Bd7 5. Nf3 Bc6 6. Bd3 Nd7 7. 0-0 Ngf6 8. Nxf6+ Nxf6 9. b3 Be7 10. Bb2 0-0 11. c4 a5 12. Ne5 Be8 13. f4 c5 14. Be2 a4 15. Bf3 Qc7 16. Qe2 Rd8 17. Rad1 cxd4 18. Bxd4 Rxd4 19. Rxd4 Bc5 20. Qf2 Qb6 21. Rfd1 axb3 22. axb3 Qxb3 23. Kf1 Ba4 24. R1d2 Qb1+ 25. Ke2 h5 26. Nd3 Bxd4 27. Qxd4 Bc6 28. Bxc6 bxc6 29. Ne5 Qh1 30. Nxc6 Qxg2+ 0-1

[Event "World op 48th"]
[Site "ICC INT"]
[Date "2020.08.09"]
[Round "9"]
[White "Shivakumar, Shawnak"]
[Black "Li, Dennis"]
[Result "1-0"]
[WhiteElo "1865"]
[BlackElo "1839"]
[PlyCount "135"]
[EventDate "2020.08.07"]
[EventType "swiss"]
[EventRounds "9"]
[EventCountry "USA"]
[SourceTitle "CBM 197 Extra"]
[Source "ChessBase"]
[SourceDate "2020.09.30"]
[SourceVersion "1"]
[SourceVersionDate "2020.09.30"]
[SourceQuality "1"]

1. c4 Nf6 2. Nc3 g6 3. g3 Bg7 4. Bg2 d6 5. e4 0-0 6. Nge2 e5 7. 0-0 c5 8. d3 Nc6 9. f4 exf4 10. gxf4 Bg4 11. h3 Bxe2 12. Qxe2 Nd4 13. Qf2 Nh5 14. f5 Be5 15. Be3 Bg3 16. Qd2 Qh4 17. Bg5 Bh2+ 18. Kxh2 Qg3+ 19. Kg1 Kh8 20. Bf4 Nxf4 21. Qxf4 Qxd3 22. Rad1 Qxc3 23. bxc3 Ne2+ 24. Kh2 Nxf4 25. Rxf4 Rad8 26. Rd5 f6 27. Rf2 gxf5 28. Rdxf5 Kg7 29. Rd5 Rfe8 30. Rfd2 Re6 31. Rxc5 dxc5 32. Rxd8 Ra6 33. Rd2 Kf7 34. Kg3 Ke7 35. Kf4 Ra3 36. Rc2 Ra4 37. Bf1 Ra6 38. Rb2 b6 39. e5 Ra3 40. Rc2 Ke6 41. exf6 Kxf6 42. Ke3 Kg5 43. Bg2 Ra4 44. Bd5 Kh4 45. Be6 Kg3 46. Kd3 Kf3 47. Bd7 Ra3 48. Bc6+ Kf4 49. Be4 h6 50. Rg2 Ra4 51. Bd5 Ra3 52. Rc2 Kf5 53. Bc6 Kf4 54. Kd2 Kg5 55. Kc1 Kh4 56. Kb2 Ra5 57. Bd7 Kg3 58. a4 h5 59. Re2 h4 60. Re3+ Kh2 61. Re7 Kg3 62. Rg7+ Kh2 63. Rg6 Ra6 64. Rh6 Kg3 65. Rg6+ Kh2 66. Kc2 Ra5 67. Kd3 Ra6 68. Ke2 1-0

[Event "World op 48th"]
[Site "ICC INT"]
[Date "2020.08.07"]
[Round "3"]
[White "Li, Dennis"]
[Black "Li, Linden"]
[Result "1-0"]
[WhiteElo "1839"]
[BlackElo "1825"]
[PlyCount "121"]
[EventDate "2020.08.07"]
[EventType "swiss"]
[EventRounds "9"]
[EventCountry "USA"]
[SourceTitle "CBM 197 Extra"]
[Source "ChessBase"]
[SourceDate "2020.09.30"]
[SourceVersion "1"]
[SourceVersionDate "2020.09.30"]
[SourceQuality "1"]

1. e4 c5 2. Nf3 Nc6 3. Bb5 g6 4. Bxc6 dxc6 5. h3 Bg7 6. Nc3 e5 7. d3 Qc7 8. Be3 b6 9. Qd2 Be6 10. 0-0 Rd8 11. Ng5 Bc8 12. f4 Nf6 13. fxe5 Qxe5 14. Nf3 Qe7 15. e5 Nd5 16. Bg5 Qc7 17. Bxd8 Qxd8 18. Ne4 0-0 19. Rae1 h6 20. c4 Nc7 21. Nf6+ Kh8 22. d4 Be6 23. b3 cxd4 24. Qxd4 Qe7 25. Rd1 Ne8 26. Nxe8 Rxe8 27. Qd6 Qb7 28. Nd4 Bxh3 29. Qxc6 Qxc6 30. Nxc6 Be6 31. Rd8 Rg8 32. Kh1 Kh7 33. Rxg8 Kxg8 34. Nd8 Bf5 35. Re1 Bf8 36. e6 fxe6 37. Nxe6 Bb4 38. Re3 a5 39. Nd4 Bb1 40. Re8+ Kf7 41. Re2 Bc5 42. Ne6 Be7 43. Nf4 Bc5 44. g4 a4 45. bxa4 g5 46. Nd5 Bd3 47. Rb2 Be4+ 48. Kh2 Bd6+ 49. Kh3 Bd3 50. Rf2+ Kg7 51. Nxb6 Bc5 52. Rb2 h5 53. gxh5 Bf5+ 54. Kg2 Kf6 55. a5 Be4+ 56. Kf1 Bd4 57. Rd2 Be3 58. Re2 Bd3 59. Nd5+ Ke5 60. Nxe3 Kf4 61. Kf2 1-0